000
00301nam a22001337a 4500
008
170614b xxu||||| |||| 00| 0 eng d
020
_a
9780465098125
041
_a
eng
080
_a
94
100
_a
17
101
_a
SHH
245
_a
THE END OF THE SOVIET EMPIRE
_c
D'ENCAUSSE,H.C
942
_2
udc
_c
BK
999
_c
17276
_d
17276